On Being A Scientist A Guide to Responsible Conduct in Research / (Record no. 2066)

000 -LEADER
fixed length control field 00366 a2200109 4500
022 ## - INTERNATIONAL STANDARD SERIAL NUMBER
International Standard Serial Number 9780309119702
082 ## - DEWEY DECIMAL CLASSIFICATION NUMBER
Classification number 174.95 NAS
245 ## - TITLE STATEMENT
Title On Being A Scientist A Guide to Responsible Conduct in Research /
Statement of responsibility, etc. National Academies of Sciences
250 ## - EDITION STATEMENT
Edition statement 3rd ed.
260 ## - PUBLICATION, DISTRIBUTION, ETC.
Place of publication, distribution, etc. Washington :
Name of publisher, distributor, etc. The National Academies Press,
Date of publication, distribution, etc. 2009
300 ## - PHYSICAL DESCRIPTION
Extent xviii, 63p. :
Other physical details ill. ;
Dimensions 30 cm
650 ## - SUBJECT ADDED ENTRY--TOPICAL TERM
Topical term or geographic name entry element Being A Scientist
Holdings
Withdrawn status Lost status Source of classification or shelving scheme Damaged status Not for loan Permanent Location Current Location Date acquired Full call number Barcode Date last seen Price effective from Koha item type Shelving location Source of acquisition
          School of Civil and Environmental Engineering (SCEE) School of Civil and Environmental Engineering (SCEE)   174.95 NAS NIT-5841 01/05/2017 01/05/2017 Report    
          School of Civil and Environmental Engineering (SCEE) School of Civil and Environmental Engineering (SCEE)     NIT-8402 01/05/2017 01/05/2017 Report   NIT
© 2023 Central Library, National University of Sciences and Technology. All Rights Reserved.